000 00442nam a22001217a 4500
999 _c21360
_d21360
008 240906b ||||| |||| 00| 0 eng d
100 _aFadera, Noriel L.
_eauthor.
_960275
245 _aHagupit ni habagat /
_cNoriel L. Fadera.
260 _aPhilippines;
_bPublishers Association of the Philippines, Inc.,
_cJuly 2019.
300 _aVolume 168, pages 74-75,
_billustration.
700 _aFadera, Noriel L.
_eauthor.
_960275
942 _2ddc
_cPER